Actores sociales rurales y la nación mexicana frente a los megaproyectos mineros /
Aborda el tema del proceso de acumulación por desposesión, por medio del cual las tierras de los campesinos e indígenas son usufructuadas por corporaciones transnacionales que llevan a cabo actividades de minería a cielo abierto. Se revisan los factores legislativos, político-ideológicos y de abuso...
Na minha lista:
| Autor principal: | |
|---|---|
| Formato: | Texto |
| Idioma: | Spanish |
| Assuntos: | |
| Tags: |
Adicionar Tag
Sem tags, seja o primeiro a adicionar uma tag!
|
MARC
| LEADER | 00000 a a2200000 04500 | ||
|---|---|---|---|
| 001 | 47740 | ||
| 003 | cru CIDCACS/IIS | ||
| 005 | 20200925161444.0 | ||
| 008 | 170901b xxu||||| |||| 00| 0 spa d | ||
| 999 | |c 20070 |d 20070 | ||
| 040 | |c CRAI/IIS |a CRAI/IIS | ||
| 100 | |a Quintana, Roberto Diego | ||
| 245 | |a Actores sociales rurales y la nación mexicana frente a los megaproyectos mineros / |c Roberto Diego Quintana | ||
| 520 | |a Aborda el tema del proceso de acumulación por desposesión, por medio del cual las tierras de los campesinos e indígenas son usufructuadas por corporaciones transnacionales que llevan a cabo actividades de minería a cielo abierto. Se revisan los factores legislativos, político-ideológicos y de abuso de autoridad que han conllevado a la situación actual de las concesiones en el país. Finalmente se plantean posibles estrategias para defender los recursos y el territorio de estos procesos de despojo. | ||
| 650 | 1 | 0 | |9 2911 |a EXPLOTACION DE RECURSOS |
| 650 | 1 | 0 | |9 2917 |a AGOTAMIENTO DE RECURSOS |
| 650 | 1 | 0 | |9 624 |a CAMPESINADO |
| 650 | 4 | |9 3363 |a EMPRESAS TRANSNACIONALES | |
| 650 | 1 | 0 | |9 993 |a MINERIA |
| 650 | 1 | 0 | |9 3675 |a POLITICA DE CRECIMIENTO |
| 773 | |g volumen45, número178, (2014), páginas 159-180 | ||
| 942 | |2 ddc |c PP | ||
